000
00318nam a2200169Ia 4500
100
_a
Gray/Dave
650
_a
Game storming
942
_c
BK
366
_f
20
654
_a
game storming
245
_a
Game storming
260
_b
SPD
_c
2010
082
_b
GRA
300
_a
266
546
_a
ENGLISH
999
_c
19581
_d
19581